[Event "Niedersachsen-Nordrhein-Westfalen"]
[Site "Dresden"]
[Date "2008.11.18"]
[Round "7.1"]
[White "Savchenko, Aleksij"]
[Black "Lubbe, Nikolas"]
[Result "0-1"]
[WhiteElo "2192"]
[BlackElo "2254"]
[PlyCount "82"]
[EventDate "2008.??.??"]
[WhiteTeam "Nordrhein-Westfalen"]
[BlackTeam "Niedersachsen"]

1. d4 Nf6 2. c4 c5 3. d5 e6 4. Nc3 exd5 5. cxd5 d6 6. Nf3 g6 7. Bf4 a6 8. a4
Bg7 9. e3 O-O 10. Be2 Bg4 11. O-O Re8 12. h3 Bxf3 13. Bxf3 Qe7 14. Qb3 Nbd7 15.
Qxb7 Reb8 16. Qc6 Ne8 17. a5 Ra7 18. Ne4 Be5 19. Bxe5 Nxe5 20. Qa4 Nxf3+ 21.
gxf3 Rb4 22. Qxe8+ Qxe8 23. Nf6+ Kf8 24. Nxe8 Kxe8 25. f4 Rab7 26. Rfe1 Rxb2
27. e4 R7b4 28. Rac1 Ke7 29. f5 gxf5 30. exf5+ Kf6 31. Rc3 Rb1 32. Rxb1 Rxb1+
33. Kg2 Rb5 34. Ra3 c4 35. Rc3 Rc5 36. f4 Kxf5 37. Kf3 f6 38. Ke3 h5 39. Kd4 h4
40. Rc1 c3 41. Rc2 Kxf4 0-1

[Event "Niedersachsen-Nordrhein-Westfalen"]
[Site "Dresden"]
[Date "2008.11.18"]
[Round "7.2"]
[White "Holloway, Timo"]
[Black "Kotainy, Jens"]
[Result "0-1"]
[WhiteElo "2184"]
[BlackElo "2207"]
[PlyCount "92"]
[EventDate "2008.??.??"]

1. e4 e6 2. d4 d5 3. Nc3 Nf6 4. Bg5 Bb4 5. e5 h6 6. Be3 Ne4 7. Qg4 g6 8. a3
Bxc3+ 9. bxc3 Nxc3 10. Bd3 Nc6 11. h4 Ne7 12. h5 g5 13. Ne2 Nxe2 14. Qxe2 Nf5
15. O-O Rg8 16. g4 Ne7 17. Kh1 c5 18. c3 Qa5 19. f4 c4 20. Bc2 Qxc3 21. fxg5
hxg5 22. Rac1 Qxa3 23. Rf3 Nc6 24. Qf2 Nxd4 25. Ba4+ b5 26. Rf1 Nxf3 27. Qxf3
Rf8 28. Bc2 Bb7 29. Kh2 Qb2 30. Bxg5 Qxc2+ 31. Rf2 Qb3 32. Qf6 Qb4 33. h6 Kd7
34. h7 c3 35. Kg3 Kc6 36. Qg7 d4 37. h8=Q Rxh8 38. Rxf7 Kd5 39. Rxb7 Kc4 40.
Qf7 Rhe8 41. Be7 Rxe7 42. Rxe7 Kb3 43. Rc7 d3 44. Qxe6+ Kb2 45. Qf5 d2 46. Qe6
Rg8 0-1

[Event "Niedersachsen-Nordrhein-Westfalen"]
[Site "Dresden"]
[Date "2008.11.18"]
[Round "7.3"]
[White "Tkachuk, Konstantyn"]
[Black "Schulz, Jens"]
[Result "1/2-1/2"]
[WhiteElo "2137"]
[BlackElo "2017"]
[PlyCount "56"]
[EventDate "2008.??.??"]

1. e4 e5 2. Nf3 Nc6 3. Bc4 Bc5 4. b4 Bb6 5. a4 a6 6. c3 Nf6 7. Qb3 O-O 8. d3 d6
9. O-O Ne7 10. a5 Ba7 11. Nbd2 Ng6 12. d4 c6 13. Qc2 Qc7 14. dxe5 dxe5 15. Nb3
Bg4 16. Ne1 Rad8 17. Be3 Bxe3 18. fxe3 Rd6 19. Nc5 Rfd8 20. Ned3 Qe7 21. h3 Bc8
22. Rf2 Nf8 23. Rd1 Be6 24. Bxe6 Nxe6 25. Rfd2 Nxc5 26. Nxc5 Rxd2 27. Rxd2 Rxd2
28. Qxd2 Ne8 1/2-1/2

[Event "Niedersachsen-Nordrhein-Westfalen"]
[Site "Dresden"]
[Date "2008.11.18"]
[Round "7.6"]
[White "Kyas, Philipp"]
[Black "Blübaum, Matthias"]
[Result "1/2-1/2"]
[WhiteElo "1893"]
[BlackElo "1992"]
[PlyCount "133"]
[EventDate "2008.??.??"]

1. d4 Nf6 2. c4 c5 3. d5 b5 4. Nf3 Bb7 5. a4 Qa5+ 6. Bd2 b4 7. Qc2 g6 8. e4 d6
9. Bd3 Bg7 10. O-O O-O 11. Re1 Nbd7 12. h3 Qc7 13. Bf4 Nh5 14. Bh2 e5 15. dxe6
fxe6 16. Ng5 Rae8 17. e5 b3 18. Qe2 Nxe5 19. Nc3 Nf4 20. Bxf4 Rxf4 21. g3 Nf3+
22. Nxf3 Rxf3 23. Nb5 Qc6 24. Be4 Qxe4 25. Qxe4 Bxe4 26. Rxe4 Bxb2 27. Rb1 Be5
28. Nxa7 Ra8 29. Nc6 Bg7 30. Rxe6 Rxa4 31. Rxd6 Ra1 32. Rd8+ Rf8 33. Rxa1 Bxa1
34. Rd1 Ra8 35. Rb1 Ra3 36. Kf1 Bf6 37. Ke2 b2 38. Kd2 Ra4 39. Kd3 Ra3+ 40. Kd2
Ra6 41. Ne7+ Bxe7 42. Rxb2 Ra4 43. Kd3 Ra3+ 44. Ke4 Bf6 45. Rb8+ Kg7 46. Rb7+
Kh6 47. Rf7 Bd4 48. h4 g5 49. hxg5+ Kg6 50. Rf8 Kxg5 51. f4+ Kg6 52. g4 Rg3 53.
g5 Re3+ 54. Kd5 Re7 55. Ra8 Be3 56. Ra6+ Kf5 57. Rf6+ Kg4 58. g6 hxg6 59. Rxg6+
Kxf4 60. Rf6+ Kg3 61. Rf8 Rd7+ 62. Kc6 Rd4 63. Kb5 Rf4 64. Re8 Kf2 65. Ra8 Rd4
66. Ra2+ Rd2 67. Rxd2+ 1/2-1/2

[Event "Niedersachsen-Nordrhein-Westfalen"]
[Site "Dresden"]
[Date "2008.11.18"]
[Round "7.7"]
[White "Strößner, Lena"]
[Black "Dorn, Carina"]
[Result "1-0"]
[WhiteElo "1894"]
[BlackElo "1785"]
[PlyCount "31"]
[EventDate "2008.??.??"]
[WhiteTeam "Nordrhein-Westfalen"]
[BlackTeam "Niedersachsen"]

1. Nf3 Nf6 2. c4 e6 3. Nc3 b6 4. e4 d5 5. cxd5 exd5 6. e5 Ne4 7. Nxe4 dxe4 8.
Qa4+ Bd7 9. Qxe4 Bc6 10. Qf4 Bc5 11. Bc4 O-O 12. O-O Nd7 13. d4 Bxf3 14. gxf3
Be7 15. Kh1 Bg5 16. Qxg5 1-0

[Event "Sachsen Anhalt-Württemberg 1"]
[Site "Dresden"]
[Date "2008.11.18"]
[Round "7.1"]
[White "Hirneise, Jens"]
[Black "Paul, Johannes"]
[Result "1-0"]
[WhiteElo "2261"]
[BlackElo "2087"]
[PlyCount "57"]
[EventDate "2008.??.??"]
[WhiteTeam "Württemberg 1"]
[BlackTeam "Sachsen Anhalt"]

1. e4 c5 2. Nf3 Nc6 3. d4 cxd4 4. Nxd4 g6 5. Nc3 Bg7 6. Be3 Nf6 7. Bc4 O-O 8.
Bb3 d6 9. h3 Bd7 10. O-O Nxd4 11. Bxd4 Bc6 12. Qd3 Nd7 13. Bxg7 Kxg7 14. Qd4+
Kg8 15. Nd5 a5 16. a4 Nc5 17. Rfe1 Re8 18. Re3 Bxd5 19. exd5 Qd7 20. Rae1 Rac8
21. Qh4 Nxb3 22. cxb3 f6 23. Re6 Rc5 24. Qe4 Kf7 25. Re3 b5 26. h4 bxa4 27. h5
f5 28. hxg6+ hxg6 29. Qh4 1-0

[Event "Sachsen Anhalt-Württemberg 1"]
[Site "Dresden"]
[Date "2008.11.18"]
[Round "7.3"]
[White "Pogan, Nikolas"]
[Black "Rafayevych, Vilen"]
[Result "0-1"]
[WhiteElo "2073"]
[BlackElo "1936"]
[PlyCount "87"]
[EventDate "2008.??.??"]

1. e4 c5 2. Nf3 e6 3. c3 Nf6 4. d3 Be7 5. Be2 O-O 6. O-O Nc6 7. e5 Nd5 8. d4 d6
9. exd6 Bxd6 10. dxc5 Bxc5 11. Nbd2 e5 12. Ne4 Be7 13. Bc4 Nf6 14. Nxf6+ Bxf6
15. Qxd8 Rxd8 16. Ng5 Rf8 17. Ne4 Be7 18. Be3 Bf5 19. f3 Rad8 20. Rad1 b6 21.
Bd5 Nb8 22. a4 Nd7 23. a5 Nc5 24. b4 Nxe4 25. fxe4 Bg4 26. axb6 Bxd1 27. Rxd1
axb6 28. Bxb6 Rc8 29. Rd3 g6 30. Bf2 Kg7 31. Be1 f5 32. exf5 gxf5 33. c4 e4 34.
Rg3+ Kh8 35. Rc3 Bxb4 36. Rc1 Bxe1 37. Rxe1 Kg7 38. g4 fxg4 39. Rxe4 h5 40. Kg2
Rce8 41. Rd4 Re2+ 42. Kg3 Rfe8 43. c5 Kg6 44. Bc4 0-1

[Event "Sachsen Anhalt-Württemberg 1"]
[Site "Dresden"]
[Date "2008.11.18"]
[Round "7.4"]
[White "Mertens, Pauline"]
[Black "Erben, Larissa"]
[Result "1/2-1/2"]
[WhiteElo "1852"]
[BlackElo "1931"]
[PlyCount "176"]
[EventDate "2008.??.??"]

1. e4 c5 2. Nf3 e6 3. d4 cxd4 4. Nxd4 Nc6 5. Nc3 Qc7 6. Be3 a6 7. Qd2 Nf6 8.
Nb3 Bb4 9. Bd3 d5 10. exd5 Nxd5 11. O-O O-O 12. Nxd5 exd5 13. c3 Bd6 14. h3 Ne5
15. Rad1 Bxh3 16. Bxh7+ Kxh7 17. Qxd5 Be6 18. Qxd6 Qxd6 19. Rxd6 Nc4 20. Rd4
Nxb2 21. Bc1 Nc4 22. Nc5 b5 23. Nxe6 fxe6 24. Re1 e5 25. Rd5 Rac8 26. Bg5 Kg6
27. Bh4 Kf5 28. Rd7 g5 29. Bg3 Rfd8 30. Red1 Rxd7 31. Rxd7 Rc6 32. f3 Rf6 33.
Rc7 g4 34. a4 gxf3 35. gxf3 Nd2 36. Kg2 bxa4 37. Rc5 Re6 38. Ra5 Nb1 39. Rxa4
Nxc3 40. Rc4 Nd5 41. Ra4 Rc6 42. Re4 Re6 43. Ra4 Ne7 44. Ra5 Ng6 45. Kf2 Rb6
46. Ke3 Rb3+ 47. Kf2 Rb6 48. Ke3 Re6 49. Kf2 Nf4 50. Ke3 Nh5 51. Bh2 Nf6 52.
Bg3 Nd7 53. Kf2 Rc6 54. Kf1 Nc5 55. Ke2 Ke6 56. Bf2 Nb7 57. Ra2 a5 58. Kd3 Kd5
59. Ra4 Ra6 60. Be3 Nd6 61. Bd2 Nb7 62. Be3 Ra8 63. Bb6 Kc6 64. Be3 Kb5 65. Re4
Re8 66. f4 Rd8+ 67. Kc3 exf4 68. Bxf4 Nc5 69. Re5 Rd3+ 70. Kb2 Kc4 71. Re8 a4
72. Ra8 Kb4 73. Rb8+ Kc4 74. Ra8 Rb3+ 75. Ka2 Rf3 76. Bc1 Kb5 77. Rb8+ Ka5 78.
Bd2+ Ka6 79. Ra8+ Kb7 80. Ra5 Kb6 81. Ra8 Rf2 82. Rd8 Ne4 83. Ka3 Kb5 84. Bc1
Rf3+ 85. Ka2 Nc3+ 86. Kb2 Kb4 87. Rb8+ Kc4 88. Rc8+ Kd4 1/2-1/2

[Event "Sachsen Anhalt-Württemberg 1"]
[Site "Dresden"]
[Date "2008.11.18"]
[Round "7.5"]
[White "Xu, Xianliang"]
[Black "Müller, Alexander"]
[Result "0-1"]
[WhiteElo "1846"]
[BlackElo "1895"]
[PlyCount "70"]
[EventDate "2008.??.??"]
[WhiteTeam "Württemberg 1"]
[BlackTeam "Sachsen Anhalt"]

1. e4 c5 2. d4 cxd4 3. c3 Nf6 4. e5 Nd5 5. Nf3 e6 6. cxd4 d6 7. Nc3 Nc6 8. Nxd5
exd5 9. Be3 dxe5 10. dxe5 Bb4+ 11. Bd2 Bc5 12. Bd3 Bg4 13. O-O h6 14. h3 Be6
15. a3 Qb6 16. Rc1 a5 17. Qc2 Be7 18. Rfd1 Rd8 19. Bf4 O-O 20. Qd2 f5 21. Bxh6
gxh6 22. Qxh6 Kf7 23. Qh5+ Kg7 24. Ng5 Bg8 25. Nf3 Bh7 26. Ng5 Bxg5 27. Qxg5+
Kh8 28. e6 Rde8 29. Re1 Qd4 30. Rcd1 Qxb2 31. e7 Rg8 32. Qh4 Qg7 33. g3 Ne5 34.
Re3 d4 35. Rxe5 Qxe5 0-1

[Event "Sachsen Anhalt-Württemberg 1"]
[Site "Dresden"]
[Date "2008.11.18"]
[Round "7.7"]
[White "von Schwerin, Clemens"]
[Black "Zimmermann, Christian"]
[Result "1-0"]
[WhiteElo "1751"]
[BlackElo "1513"]
[PlyCount "51"]
[EventDate "2008.??.??"]
[WhiteTeam "Württemberg 1"]
[BlackTeam "Sachsen Anhalt"]

1. e4 e5 2. Nf3 Nc6 3. d4 exd4 4. Nxd4 Bc5 5. Be3 Qf6 6. c3 Nge7 7. Bc4 Ne5 8.
Bb3 Qg6 9. O-O d6 10. Nd2 Bh3 11. g3 Bxf1 12. Qxf1 O-O 13. h3 Kh8 14. Kg2 Bb6
15. f4 N5c6 16. f5 Qf6 17. N2f3 h6 18. h4 Nc8 19. Bg5 hxg5 20. hxg5 Qd8 21.
Qh1+ Kg8 22. g6 Re8 23. gxf7+ Kf8 24. Qh8+ Ke7 25. fxe8=Q+ Qxe8 26. Qxg7+ 1-0

[Event "Baden-Hessen 1"]
[Site "Dresden"]
[Date "2008.11.18"]
[Round "7.1"]
[White "Geske, Julian"]
[Black "Lutz, Bernhard"]
[Result "0-1"]
[WhiteElo "2179"]
[BlackElo "2173"]
[PlyCount "52"]
[EventDate "2008.??.??"]
[WhiteTeam "Hessen 1"]
[BlackTeam "Baden"]

1. e4 e6 2. d4 d5 3. Nd2 Nf6 4. e5 Nfd7 5. c3 c5 6. Bd3 Nc6 7. Ne2 cxd4 8. cxd4
f6 9. exf6 Nxf6 10. Nf3 Bd6 11. O-O Qc7 12. g3 O-O 13. Bf4 Bd7 14. Rc1 Bxf4 15.
Nxf4 Qb6 16. b3 Rae8 17. Re1 Nxd4 18. Nxd4 e5 19. Nde2 Ng4 20. Nh3 Nxf2 21.
Nxf2 Qxf2+ 22. Kh1 Bg4 23. Ng1 Bxd1 24. Rcxd1 Qxa2 25. Bb5 Rf2 26. Ne2 Qxb3 0-1

[Event "Baden-Hessen 1"]
[Site "Dresden"]
[Date "2008.11.18"]
[Round "7.2"]
[White "Frey, Alisa"]
[Black "Sergin, Mark"]
[Result "1/2-1/2"]
[WhiteElo "2026"]
[BlackElo "2168"]
[PlyCount "65"]
[EventDate "2008.??.??"]

1. e4 d5 2. exd5 Qxd5 3. Nc3 Qd6 4. d4 Nf6 5. Nf3 a6 6. g3 Nc6 7. Bf4 Qd8 8.
Bg2 Bg4 9. O-O e6 10. h3 Bh5 11. g4 Bg6 12. Re1 Be7 13. a3 O-O 14. Qd2 Nd5 15.
Nxd5 exd5 16. Ne5 Nxe5 17. dxe5 c6 18. Be3 f5 19. f4 h6 20. Rad1 Qc8 21. Qe2
Bf7 22. Bf3 Be6 23. Rf1 Qe8 24. Qg2 Qg6 25. Kh1 Rfd8 26. Rg1 Qf7 27. c3 Bf8 28.
Rd2 Rd7 29. Rgd1 Rad8 30. Bb6 Re8 31. Be3 Red8 32. Bb6 Re8 33. Be3 1/2-1/2

[Event "Baden-Hessen 1"]
[Site "Dresden"]
[Date "2008.11.18"]
[Round "7.3"]
[White "Rafiee, Makan"]
[Black "Tiemann, Christoph"]
[Result "1/2-1/2"]
[WhiteElo "2111"]
[BlackElo "2022"]
[PlyCount "38"]
[EventDate "2008.??.??"]
[WhiteTeam "Hessen 1"]
[BlackTeam "Baden"]

1. e4 c5 2. Nf3 d6 3. d4 Nf6 4. Nc3 cxd4 5. Nxd4 a6 6. Bg5 Nbd7 7. f4 b5 8. Qf3
Bb7 9. Bd3 e6 10. O-O-O Rc8 11. Rhe1 Qb6 12. Bf1 Be7 13. Nd5 exd5 14. exd5 Kd8
15. Qe2 Bf8 16. Qe8+ Kc7 17. Qxf7 Bxd5 18. Ne6+ Bxe6 19. Rxe6 Kb8 1/2-1/2

[Event "Baden-Hessen 1"]
[Site "Dresden"]
[Date "2008.11.18"]
[Round "7.5"]
[White "Wagner, Dennis"]
[Black "Ohnmacht, Simon"]
[Result "1-0"]
[WhiteElo "1874"]
[BlackElo "1792"]
[PlyCount "79"]
[EventDate "2008.??.??"]

1. e4 d5 2. exd5 Nf6 3. d4 Qxd5 4. Nc3 Qa5 5. Nf3 Bg4 6. h3 Bh5 7. Bd2 c6 8. g4
Bg6 9. Ne5 Nbd7 10. f4 e6 11. Bc4 Qc7 12. Qe2 Nxe5 13. dxe5 Nd5 14. O-O-O O-O-O
15. Rhf1 h6 16. f5 Bh7 17. Rf3 Bc5 18. Ne4 Bd4 19. Nd6+ Kb8 20. fxe6 fxe6 21.
Nf7 Rhf8 22. Nxd8 Qxd8 23. Ba5 Bb6 24. Bxb6 axb6 25. Bxd5 cxd5 26. Rdf1 Rxf3
27. Qxf3 Qg5+ 28. Qf4 Qxf4+ 29. Rxf4 Be4 30. h4 Kc8 31. Rf7 g6 32. c3 h5 33.
gxh5 gxh5 34. Kd2 Bf5 35. Ke3 Kb8 36. Kf4 Kc8 37. Kg5 Bg4 38. Kf6 Bf5 39. Re7
Bg4 40. Rxe6 1-0

[Event "Baden-Hessen 1"]
[Site "Dresden"]
[Date "2008.11.18"]
[Round "7.6"]
[White "Kohm, Vanessa"]
[Black "Tran, My Linh"]
[Result "1/2-1/2"]
[WhiteElo "1762"]
[BlackElo "1791"]
[PlyCount "75"]
[EventDate "2008.??.??"]

1. d4 Nf6 2. c4 c5 3. d5 b5 4. cxb5 a6 5. Nc3 g6 6. Nf3 d6 7. Qc2 axb5 8. e4 b4
9. Nd1 Bg7 10. Bc4 Nfd7 11. O-O Ba6 12. Ne3 Nb6 13. Bxa6 Nxa6 14. Bd2 Nc7 15.
a3 bxa3 16. Rxa3 O-O 17. Rxa8 Qxa8 18. b4 Na6 19. bxc5 Nxc5 20. Rb1 Nbd7 21.
Ne1 Rc8 22. f3 Na4 23. Qd3 Ndc5 24. Qc2 Qa6 25. Rb4 Nb6 26. Qb1 Qe2 27. Qd1
Qxd1 28. Nxd1 Nca4 29. Be3 Rc4 30. Rxc4 Nxc4 31. Bc1 Nc5 32. Kf2 Bd4+ 33. Ke2
f5 34. Nc2 Bg1 35. h3 fxe4 36. fxe4 Bh2 37. Nc3 Be5 38. Nd1 1/2-1/2

[Event "Baden-Hessen 1"]
[Site "Dresden"]
[Date "2008.11.18"]
[Round "7.7"]
[White "Breitwieser, Jasmin"]
[Black "Schuhmacher, Jakob"]
[Result "1-0"]
[WhiteElo "1741"]
[BlackElo "1692"]
[PlyCount "83"]
[EventDate "2008.??.??"]

1. e4 e6 2. Nf3 d5 3. Nc3 Nf6 4. e5 Nfd7 5. d4 c5 6. dxc5 Bxc5 7. Bd3 Nc6 8.
Bf4 f6 9. exf6 Nxf6 10. O-O O-O 11. Ne5 Bd7 12. Nxc6 Bxc6 13. Be5 a6 14. Qd2
Ng4 15. Bg3 Qf6 16. Rae1 Rae8 17. h3 Nh6 18. Be5 Qf7 19. Nd1 Nf5 20. Qg5 Be7
21. Qg4 h5 22. Qe2 Bc5 23. Kh2 Bd4 24. Bxd4 Nxd4 25. Qe5 Qf4+ 26. Qxf4 Rxf4 27.
Bg6 Ref8 28. c3 R8f6 29. Bxh5 Rh6 30. Kg3 Rff6 31. Bg4 Nf5+ 32. Kh2 Rfg6 33.
Kg1 d4 34. cxd4 Nxd4 35. f3 Bd5 36. Nc3 Bc4 37. Rf2 b5 38. Rd2 Nf5 39. b3 Bd5
40. Nxd5 exd5 41. Bxf5 Rg5 42. Be6+ 1-0

[Event "Bayern-Württemberg 2"]
[Site "Dresden"]
[Date "2008.11.18"]
[Round "7.2"]
[White "Billing, Christian"]
[Black "Geshnizjani, Ramin Tobias"]
[Result "1-0"]
[WhiteElo "2191"]
[BlackElo "2002"]
[PlyCount "73"]
[EventDate "2008.??.??"]
[WhiteTeam "Bayern"]
[BlackTeam "Württemberg 2"]

1. Nf3 Nf6 2. g3 b6 3. Bg2 Bb7 4. O-O e6 5. d3 Be7 6. e4 d5 7. e5 Nfd7 8. Re1
c5 9. Nbd2 Nc6 10. c3 Qc7 11. Qe2 b5 12. Nf1 b4 13. h4 bxc3 14. bxc3 Ba6 15.
Rb1 O-O 16. Bf4 Rfb8 17. Qc2 Rxb1 18. Rxb1 Rb8 19. Rxb8+ Qxb8 20. N1d2 d4 21.
Nxd4 Nxd4 22. cxd4 cxd4 23. Nb3 Nxe5 24. Nxd4 Bd6 25. Bxe5 Bxe5 26. Nc6 Qb5 27.
Nxe5 Qxe5 28. Qc6 g5 29. Qxa6 gxh4 30. Qc8+ Kg7 31. gxh4 Qa1+ 32. Bf1 Qxa2 33.
Qc3+ Kg8 34. Qe5 a5 35. h5 Qd2 36. Qg3+ Kf8 37. Qh4 1-0

[Event "Bayern-Württemberg 2"]
[Site "Dresden"]
[Date "2008.11.18"]
[Round "7.3"]
[White "Lange, Jan-David"]
[Black "Nuber, Blasius"]
[Result "1/2-1/2"]
[WhiteElo "2029"]
[BlackElo "2094"]
[PlyCount "83"]
[EventDate "2008.??.??"]
[WhiteTeam "Württemberg 2"]
[BlackTeam "Bayern"]

1. Nc3 Nf6 2. g3 d5 3. Bg2 g6 4. d4 Bg7 5. Nf3 b6 6. Bf4 Bb7 7. O-O O-O 8. Qc1
Ne4 9. Bh6 Nxc3 10. bxc3 Nd7 11. Bxg7 Kxg7 12. e4 dxe4 13. Ng5 Nf6 14. Re1 h6
15. Nxe4 Nxe4 16. Bxe4 Bxe4 17. Rxe4 e6 18. Qe3 Qf6 19. Re1 Rad8 20. c4 Rd7 21.
Re5 Rfd8 22. c3 c6 23. h4 h5 24. Re2 Rd6 25. Rg5 c5 26. dxc5 Rd1+ 27. Kg2 R8d3
28. Qe5 Rxc3 29. Re4 Rdc1 30. cxb6 axb6 31. Qxf6+ Kxf6 32. Rf4+ Ke7 33. Rb5
Rxc4 34. Rxc4 Rxc4 35. Rxb6 Rc2 36. a4 Ra2 37. Rb4 Ra3 38. Re4 Kd6 39. Rb4 Ke7
40. Rd4 e5 41. Rb4 Ke6 42. Rb6+ 1/2-1/2

[Event "Bayern-Württemberg 2"]
[Site "Dresden"]
[Date "2008.11.18"]
[Round "7.4"]
[White "Nuber, Helene"]
[Black "Djalalova, Nigora"]
[Result "1-0"]
[WhiteElo "2012"]
[BlackElo "1900"]
[PlyCount "93"]
[EventDate "2008.??.??"]

1. e4 c5 2. d3 e6 3. g3 g6 4. Bg2 Bg7 5. c3 Nc6 6. f4 Nge7 7. Nf3 O-O 8. O-O b6
9. Na3 Ba6 10. Nh4 Bf6 11. Nf3 Rc8 12. g4 d5 13. e5 Bg7 14. Re1 b5 15. Nc2 Bb7
16. d4 c4 17. Nh4 Qd7 18. Qf3 f5 19. exf6 Bxf6 20. Qh3 Nd8 21. Nf3 Nec6 22. Ne3
Ne7 23. Re2 Rc7 24. Qg3 Kh8 25. Bd2 Bc8 26. Bh3 Rg8 27. Rae1 Qd6 28. a3 a6 29.
Kh1 Nf7 30. Ng2 g5 31. Ne5 Bxe5 32. fxe5 Qd8 33. Rf1 Ng6 34. Ref2 Rg7 35. Ne1
Kg8 36. Bg2 Nh4 37. Rf6 Nxg2 38. Kxg2 Qe8 39. R6f2 Rg6 40. Nf3 h6 41. Qh3 Kg7
42. Qh5 Qg8 43. h4 Qh7 44. Rh1 Kg8 45. hxg5 Nxg5 46. Nh4 Rgg7 47. Qe8# 1-0

[Event "Bayern-Württemberg 2"]
[Site "Dresden"]
[Date "2008.11.18"]
[Round "7.5"]
[White "Marquardt, Patrick"]
[Black "Anker, Christin"]
[Result "1/2-1/2"]
[WhiteElo "1830"]
[BlackElo "1799"]
[PlyCount "108"]
[EventDate "2008.??.??"]

1. e4 e5 2. Nf3 Nc6 3. Bc4 Bc5 4. c3 Nf6 5. d4 exd4 6. cxd4 Bb4+ 7. Nc3 Nxe4 8.
O-O Bxc3 9. d5 Bf6 10. Re1 Ne7 11. Rxe4 d6 12. Bg5 Bxg5 13. Nxg5 h6 14. Qe2
hxg5 15. Re1 Be6 16. dxe6 f6 17. Re3 c6 18. Rh3 Rxh3 19. gxh3 g6 20. Qd2 Kf8
21. h4 gxh4 22. Qh6+ Kg8 23. Re3 Qf8 24. Qxh4 Kg7 25. Rf3 Nf5 26. Qg4 Nh6 27.
Qd4 Qe7 28. Rg3 Nf5 29. Rxg6+ Kxg6 30. Qg4+ Kh6 31. Qf4+ Kg7 32. Qxf5 Kf8 33.
Qh5 Qg7+ 34. Kf1 Ke7 35. Qa5 b6 36. Qa4 Qg4 37. Qc2 Rh8 38. Be2 Qh3+ 39. Ke1
Qxe6 40. Qxc6 Rc8 41. Qb7+ Kf8 42. Qxa7 Qd5 43. Qa4 Qa5+ 44. Qxa5 bxa5 45. Kd2
Ke7 46. h4 Ke6 47. h5 Ke5 48. b3 Kd4 49. Bd3 Rh8 50. Bg6 d5 51. Kc2 Kc5 52. a3
d4 53. Kd3 Kd5 54. f4 Rb8 1/2-1/2

[Event "Bayern-Württemberg 2"]
[Site "Dresden"]
[Date "2008.11.18"]
[Round "7.6"]
[White "Pfadenhauer, Johannes"]
[Black "Gibicar, Danijel"]
[Result "1-0"]
[WhiteElo "1678"]
[BlackElo "1747"]
[PlyCount "65"]
[EventDate "2008.??.??"]
[WhiteTeam "Bayern"]
[BlackTeam "Württemberg 2"]

1. d4 Nf6 2. Bg5 e6 3. Nf3 d5 4. e3 Be7 5. Bd3 c5 6. c3 Nbd7 7. O-O O-O 8. Nbd2
b6 9. Qe2 Bb7 10. Rfd1 Re8 11. Rac1 Rc8 12. Bb1 Qc7 13. Bf4 Bd6 14. Bxd6 Qxd6
15. dxc5 Nxc5 16. c4 Qe7 17. Ne5 Red8 18. Ndf3 Ba6 19. Qe1 Bxc4 20. Nxc4 dxc4
21. Rxc4 Nd5 22. Rcd4 Rd7 23. b4 Nb7 24. e4 Nf6 25. Rxd7 Nxd7 26. e5 b5 27.
Bxh7+ Kf8 28. Be4 Nb6 29. Nd4 a6 30. Qe3 Nc4 31. Qh3 Qd7 32. Qh8+ Ke7 33. Nf5+
1-0

[Event "Bayern-Württemberg 2"]
[Site "Dresden"]
[Date "2008.11.18"]
[Round "7.7"]
[White "Schäfer, Daniela"]
[Black "Adermann, Mara"]
[Result "1/2-1/2"]
[WhiteElo "1779"]
[BlackElo "1558"]
[PlyCount "56"]
[EventDate "2008.??.??"]
[WhiteTeam "Württemberg 2"]
[BlackTeam "Bayern"]

1. e4 e5 2. Nf3 Nc6 3. Bb5 a6 4. Ba4 Nf6 5. O-O b5 6. Bb3 Bc5 7. c3 d6 8. d4
exd4 9. cxd4 Bb6 10. Re1 O-O 11. h3 h6 12. Nc3 Bb7 13. Bf4 Na5 14. Bc2 Nc6 15.
a3 Ne7 16. Qd3 Ng6 17. Bg3 Re8 18. Bb3 c5 19. e5 c4 20. Bxc4 bxc4 21. Qxc4 dxe5
22. dxe5 Nh5 23. e6 fxe6 24. Rxe6 Rxe6 25. Qxe6+ Kh7 26. Rd1 Qf6 27. Qxf6 Nxf6
28. Na4 Ba7 1/2-1/2

[Event "Sachsen 1-Rheinland-Pfalz"]
[Site "Dresden"]
[Date "2008.11.18"]
[Round "7.3"]
[White "Grünter, Martin"]
[Black "Dünzel, Jonas"]
[Result "1-0"]
[WhiteElo "2018"]
[BlackElo "1983"]
[PlyCount "85"]
[EventDate "2008.??.??"]

1. e4 c5 2. c3 Nf6 3. e5 Nd5 4. d4 cxd4 5. Nf3 Nc6 6. Bc4 Nb6 7. Bb3 d6 8. exd6
Qxd6 9. O-O Be6 10. Bxe6 Qxe6 11. Nxd4 Nxd4 12. cxd4 g6 13. Re1 Qd7 14. Bg5
O-O-O 15. Nc3 Kb8 16. Qf3 f5 17. a4 a6 18. Bf4+ Ka8 19. Nb5 Nd5 20. Be5 Rg8 21.
Rec1 Bg7 22. Rc5 Bxe5 23. dxe5 e6 24. Nd6 g5 25. b4 g4 26. Qb3 h5 27. b5 b6 28.
Rxd5 exd5 29. Qxd5+ Kb8 30. a5 bxa5 31. bxa6 Ka7 32. Qc5+ Ka8 33. a7 Rc8 34.
Nxc8 Rxc8 35. Qxa5 Rc7 36. Qb6 Qc8 37. g3 f4 38. gxf4 h4 39. Qb8+ Qxb8 40.
axb8=Q+ Kxb8 41. e6 h3 42. f5 Re7 43. Re1 1-0

[Event "Sachsen 1-Rheinland-Pfalz"]
[Site "Dresden"]
[Date "2008.11.18"]
[Round "7.4"]
[White "Schätz, Christopher"]
[Black "Remy, Janina"]
[Result "1/2-1/2"]
[WhiteElo "1931"]
[BlackElo "1988"]
[PlyCount "73"]
[EventDate "2008.??.??"]
[WhiteTeam "Sachsen 1"]
[BlackTeam "Rheinland-Pfalz"]

1. e4 c5 2. Nf3 d6 3. d4 cxd4 4. Nxd4 Nf6 5. Nc3 g6 6. Be3 Bg7 7. f3 Nbd7 8.
Qd2 a6 9. O-O-O b5 10. h4 h5 11. Nd5 Bb7 12. Nxf6+ Nxf6 13. Nb3 Rc8 14. Kb1 Qc7
15. Rc1 d5 16. exd5 Bxd5 17. Bg5 Bc4 18. Bd3 Qe5 19. Bf4 Ne4 20. Bxe5 Nxd2+ 21.
Nxd2 Bxe5 22. Bxc4 bxc4 23. c3 Bf4 24. Rcd1 e6 25. Rhe1 Ke7 26. Re4 Bxd2 27.
Rxd2 Rhd8 28. Rxd8 Kxd8 29. Kc2 Rc5 30. b3 cxb3+ 31. axb3 Ke7 32. b4 Rb5 33.
Kb3 Rd5 34. Ka4 Kd6 35. c4 Rd2 36. c5+ Kd5 37. Re1 1/2-1/2

[Event "Sachsen 1-Rheinland-Pfalz"]
[Site "Dresden"]
[Date "2008.11.18"]
[Round "7.5"]
[White "Voss, Chantal"]
[Black "Nguyen Minh, Thuy"]
[Result "0-1"]
[WhiteElo "1828"]
[BlackElo "1860"]
[PlyCount "64"]
[EventDate "2008.??.??"]
[WhiteTeam "Rheinland-Pfalz"]
[BlackTeam "Sachsen 1"]

1. d4 Nf6 2. c4 e6 3. Nc3 Bb4 4. Bd2 b6 5. e4 Bxc3 6. Bxc3 Bb7 7. f3 Nxe4 8.
Ne2 Nxc3 9. Nxc3 Nc6 10. d5 Ne7 11. Qd2 Nf5 12. O-O-O Qe7 13. Bd3 Nd6 14. Rhe1
O-O-O 15. g3 Qf6 16. f4 h5 17. Ne4 Nxe4 18. Bxe4 exd5 19. Bxd5 c6 20. Bf3 h4
21. g4 Ba6 22. Be2 g6 23. Qd4 Qxd4 24. Rxd4 Rhe8 25. Kd2 c5 26. Rd6 Re4 27. Rf6
Re7 28. b3 Rde8 29. Kd3 Bb7 30. Rd1 Re3+ 31. Kc2 Rxe2+ 32. Kb1 R8e7 0-1

[Event "Sachsen 1-Rheinland-Pfalz"]
[Site "Dresden"]
[Date "2008.11.18"]
[Round "7.6"]
[White "Peil, Christoph"]
[Black "Grzeca, Pascal"]
[Result "1-0"]
[WhiteElo "1801"]
[BlackElo "1869"]
[PlyCount "161"]
[EventDate "2008.??.??"]

1. d4 Nf6 2. c4 e6 3. Nf3 b6 4. e3 Bb7 5. Be2 c5 6. O-O Be7 7. b3 O-O 8. Bb2
Nc6 9. d5 exd5 10. cxd5 Nb4 11. d6 Bxd6 12. Qxd6 Nc2 13. Nbd2 Nxa1 14. Bxa1 Qb8
15. Qd3 Qe8 16. Ng5 h6 17. Bxf6 hxg5 18. Bxg5 Qe6 19. Bf4 d5 20. Bf3 Rfd8 21.
h3 Qf6 22. Rd1 Rac8 23. Bg4 Rc6 24. Nf3 Qb2 25. Qf5 d4 26. Ng5 Rf6 27. Qh7+ Kf8
28. Qh8+ Ke7 29. Qxg7 dxe3 30. Rf1 Ba6 31. Nxf7 Qxf2+ 32. Rxf2 exf2+ 33. Kh2
Rg8 34. Qxg8 Rxf4 35. Qg5+ Rf6 36. Qe5+ Kxf7 37. Bh5+ Kg8 38. Qe8+ Kh7 39. Qe7+
Kg8 40. Qe8+ Kh7 41. Qe7+ Kg8 42. Qxf6 f1=Q 43. Qxf1 Bxf1 44. Kg3 b5 45. Bf3
Bd3 46. Kf4 Kg7 47. Ke5 a5 48. Kd5 c4 49. bxc4 Bxc4+ 50. Kc5 Bxa2 51. Kxb5 Be6
52. h4 Kh6 53. Kxa5 Bf5 54. Kb4 Be6 55. Kc5 Bf5 56. Kd6 Bc8 57. g3 Bh3 58. Ke5
Bd7 59. Kf4 Be6 60. Bg4 Bf7 61. Kf5 Be8 62. Kf6 Bc6 63. Ke5 Ba4 64. Kf4 Bb5 65.
Bf5 Be2 66. Be4 Bd1 67. Bf3 Ba4 68. g4 Bd7 69. g5+ Kg7 70. h5 Be8 71. Kg4 Bd7+
72. Kh4 Be8 73. Be4 Bf7 74. Kg4 Be8 75. h6+ Kg8 76. Kf5 Kh8 77. Kf6 Bh5 78. Bd5
Bg6 79. Be6 Bd3 80. Bf5 Bc4 81. g6 1-0